Statistics for People with S initials #2

Click here to take the quiz!

General Stats

  • This quiz has been taken 28 times
  • The average score is 11 of 24

Answer Stats

Initials Clue Person % Correct
SHMexican actress who starred in "From Dusk till Dawn"Salma Hayek
90%
SWHe just calls to say that he loves youStevie Wonder
90%
SSShe went with her friend Thelma on tripSusan Sarandon
86%
SPHe won an Oscar for his role in "Milk"Sean Penn
86%
SK"2001 : A Space Odyssey"; "Barry Lyndon" ; "A Clockwork Orange"Stanley Kubrick
81%
SVHe is a 4 times Formula One World Drivers' ChampionSebastian Vettel
57%
SOChristina Yang from "Grey's Anatomy"Sandra Oh
52%
SJThe Black Widow from MarvelScarlett Johansson
52%
SRHe's a very good friend of James FrancoSeth Rogen
52%
SMCreator of "Family Guy" and "American Dad !"Seth MacFarlane
52%
SGLiverpool FC's legendary captainSteven Gerrard
48%
SNCanadian NBA legendary point guard who loved to "run and gun"Steve Nash
43%
SC2 times NBA MVP from the Golden State WarriorsStephen Curry
43%
SFHe formed a comic duo alongside Hugh LaurieStephen Fry
38%
SERussian director known for his movie "Battleship Potemkin"Sergei Eisenstein
38%
SYLegendary Detroit Red Wings captainSteve Yzerman
38%
SBUS gymnast who won 4 gold medals in RioSimone Biles
33%
SDActress famous for her role in "Charmed"Shannen Doherty
24%
STSansa StarkSophie Turner
19%
SISwedish DJ and member of the Swedish House MafiaSebastian Ingrosso
14%
SLHe motivated us by screamin "DO IT ! JUST DO IT !"Shia LaBeouf
14%
SZWriter of "Confusion ", "The Royal Game" or 'The World of Yesterday"Stefan Zweig
10%
SUAmerican model and former Playmate of the YearSara Jean Underwood
5%
SAThe Green ArrowStephen Amell
5%

Score Distribution

Percentile by Number Answered

Percent of People with Each Score

Your Score History

You have not taken this quiz